Writing the first person: (Record no. 158475)

MARC details
000 -LEADER
fixed length control field 00714nam a22002057a 4500
005 - DATE AND TIME OF LATEST TRANSACTION
control field 20181112160123.0
010 ## - LCCN (DPL NO)
LC control number B-710700
020 ## - INTERNATIONAL STANDARD BOOK NUMBER
Terms of availability 9788178244747
International Standard Book Number 895.00
035 ## - SYSTEM CONTROL NUMBER
System control number B-710700
037 ## - SOURCE OF ACQUISITION
Stock number dpl
Source of stock number/acquisition gift
082 ## - DEWEY DECIMAL CLASSIFICATION NUMBER
Classification number 894.81209
100 ## - MAIN ENTRY--PERSONAL NAME
Personal name Udaya Kumar
245 ## - TITLE STATEMENT
Title Writing the first person:
Statement of responsibility, etc by Udaya Kumar
Remainder of title literature, history and autobiography in modern Kerala /
260 ## - PUBLICATION, DISTRIBUTION, ETC. (IMPRINT)
Date of publication, distribution, etc 2016
Place of publication, distribution, etc Ranikhet
Name of publisher, distributor, etc Ashoka University
270 ## - ADDRESS
Address Himalayana, Mall Road, Ranikhet Cantt.
City Ranikhet
Postal code 263645
300 ## - PHYSICAL DESCRIPTION
Dimensions 22cm(Hb)
Extent 324p.
500 ## - GENERAL NOTE
General note Includes bibliographical references and index
942 ## - ADDED ENTRY ELEMENTS (KOHA)
Item type English Books
Source of classification or shelving scheme Dewey Decimal Classification
Call number suffix UDA
Classification part 894.81209
Holdings
Withdrawn status Lost status Not for loan Collection code Home library Current library Date acquired Source of acquisition Cost, normal purchase price Full call number Barcode Copy number Cost, replacement price Koha item type
      Non-fiction Ashok Vihar Ashok Vihar 30/10/2018 Gift /16.10.2018 895.00 894.81209 UDA B-710700 1 895.00 English Books

© Delhi Public Library
Hit Counter
free hit counter